| 000 | 00575nam a2200181Ia 4500 | ||
|---|---|---|---|
| 999 |
_c35020 _d35020 |
||
| 003 | OSt | ||
| 005 | 20200220154356.0 | ||
| 008 | 190216s9999||||xx |||||||||||||| ||und|| | ||
| 020 | _a9788126422821 | ||
| 040 | _coclc | ||
| 082 |
_a954 _bTHA/P |
||
| 100 |
_aThapar, Romila _9444 |
||
| 245 | 0 |
_aAadima Indiacharithram = The Penguin history of early India : from the origins to AD 1300 / _cRomila Thapar |
|
| 260 |
_bD C Books Kerala, _c2012. _aKottayam: |
||
| 300 | _a676p | ||
| 651 |
_xCivilization _yIndia |
||
| 942 |
_cBK _2ddc _h954 _iTHA/P _k954 _mTHA/P |
||